[Event "Challenge"]
[Site "http://www.queenalice.com/game.php?id=816530"]
[Date "2010.8.11"]
[Round "-"]
[White "mking"]
[Black "cesargarcia"]
[Result "1-0"]
[WhiteElo "1500"]
[BlackElo "2316"]

1. e4 c5 2. Nf3 Nc6 3. d4 cxd4 4. Nxd4 e5 5. Nb5 d6 6. N1c3 a6 7. Na3 Nf6 8. Bg5
Be7 9. Nc4 Be6 10. Bxf6 Bxf6 11. Nxd6+ Kf8 12. Nc4 Be7 13. Nd5 Bc5 14. c3 Qh4
15. Qc2 g6 16. g3 Qh6 17. Bg2 b5 18. b4 Ba7 19. Nce3 Rc8 20. Qe2 Bxe3 21. Nxe3
Kg7 22. a4 bxa4 23. Nd5 a5 24. b5 1-0

[Event "AUTO-ELITE-610"]
[Site "http://www.queenalice.com/game.php?id=822425"]
[Date "2010.8.24"]
[Round "1"]
[White "MSouza"]
[Black "cesargarcia"]
[Result "1-0"]
[WhiteElo "2388"]
[BlackElo "2341"]

1. e4 c5 2. Nf3 Nc6 3. d4 cxd4 4. Nxd4 e5 5. Nb5 d6 6. c4 Nf6 7. N1c3 a6 8. Na3
Be6 9. Be2 Be7 10. Be3 O-O 11. O-O Rc8 12. Rc1 h6 13. h3 Re8 14. Re1 Qa5 15. Qd2
Bd8 16. Red1 Bb6 17. Nc2 Bxe3 18. Qxe3 Qc5 19. Qd3 Red8 20. b3 Nb4 21. Nxb4 Qxb4
22. Qe3 1-0

[Event "AUTO-ELITE-610"]
[Site "http://www.queenalice.com/game.php?id=822426"]
[Date "2010.8.24"]
[Round "1"]
[White "cesargarcia"]
[Black "MSouza"]
[Result "0-1"]
[WhiteElo "2330"]
[BlackElo "2399"]

1. d4 Nf6 2. Nf3 e6 3. c4 b6 4. Nc3 Bb7 5. g3 Bb4 6. Bg2 Ne4 7. Qd3 f5 8. O-O
Nxc3 9. bxc3 Be7 10. d5 Na6 11. Nd4 Nc5 12. Qe3 O-O 13. dxe6 Bxg2 14. Kxg2 Kh8
15. a4 Bd6 16. a5 f4 17. e7 Bxe7 18. gxf4 Bd6 19. f5 Qh4 20. Qh3 Qe4+ 21. f3 Qe8
22. Qg4 Qf7 0-1

[Event "AUTO-ELITE-610"]
[Site "http://www.queenalice.com/game.php?id=822431"]
[Date "2010.8.24"]
[Round "1"]
[White "cesargarcia"]
[Black "Conde7"]
[Result "0-1"]
[WhiteElo "2318"]
[BlackElo "2646"]

1. d4 Nf6 2. Nf3 e6 3. c4 d5 4. Nc3 c6 5. e3 Nbd7 6. Bd3 dxc4 7. Bxc4 b5 8. Bd3
Bb7 9. O-O a6 10. e4 c5 11. d5 Qc7 12. dxe6 fxe6 13. Ng5 Qc6 14. a4 b4 15. Ne2
Ne5 16. Nf4 Rd8 17. Qe2 c4 18. Bc2 Bc8 19. Be3 Be7 20. a5 O-O 21. Bb6 Nfg4 22.
Ba4 Qd6 23. Ngh3 Qd2 24. Rae1 Qxe2 25. Rxe2 g5 26. f3 gxf4 27. Bxd8 Bxd8 28.
fxg4 Bxa5 0-1

[Event "AUTO-ELITE-610"]
[Site "http://www.queenalice.com/game.php?id=822432"]
[Date "2010.8.24"]
[Round "1"]
[White "Conde7"]
[Black "cesargarcia"]
[Result "1-0"]
[WhiteElo "2644"]
[BlackElo "2320"]

1. e4 c5 2. Nf3 Nc6 3. d4 cxd4 4. Nxd4 e5 5. Nb5 d6 6. N1c3 a6 7. Na3 Nf6 8. Bg5
Be7 9. Bxf6 Bxf6 10. Nc4 Be6 11. Nxd6+ Kf8 12. Nc4 Bg5 13. Nd5 b5 14. Nce3 Bxe3
15. Nxe3 Qe7 16. c3 g6 17. Bd3 Kg7 18. O-O Rhd8 19. Qe2 Qc5 20. Rfd1 b4 21. c4
Nd4 22. Qd2 f6 23. Nd5 Ra7 24. Re1 a5 25. Re3 a4 26. Nxb4 Qa5 27. Qc3 a3 28. Nd5
1-0

[Event "AUTO-ELITE-391"]
[Site "http://www.queenalice.com/game.php?id=825773"]
[Date "2010.8.30"]
[Round "2"]
[White "cesargarcia"]
[Black "BEBADO"]
[Result "1-0"]
[WhiteElo "2357"]
[BlackElo "2167"]

1. d4 Nf6 2. Nf3 e6 3. c4 b6 4. Nc3 Bb4 5. e3 Bb7 6. Bd3 Bxc3+ 7. bxc3 O-O 8.
O-O Ne4 9. Qc2 f5 10. Nd2 Nxd2 11. Bxd2 Qg5 12. f3 Qh5 13. Rab1 d6 14. e4 fxe4
15. Bxe4 d5 16. Bd3 Nd7 17. Rfe1 e5 18. cxd5 Bxd5 19. c4 Be6 20. f4 1-0

[Event "AUTO-ELITE-391"]
[Site "http://www.queenalice.com/game.php?id=825774"]
[Date "2010.8.30"]
[Round "2"]
[White "BEBADO"]
[Black "cesargarcia"]
[Result "0-1"]
[WhiteElo "2215"]
[BlackElo "2361"]

1. e4 c5 2. Nf3 Nc6 3. d4 cxd4 4. Nxd4 Nf6 5. Nc3 e6 6. Nxc6 bxc6 7. e5 Nd5 8.
Ne4 Qc7 9. f4 Qb6 10. c4 Bb4+ 11. Ke2 f5 12. Nf2 Bc5 13. cxd5 Bxf2 14. dxe6 dxe6
15. Kf3 Bh4 16. g3 Bb7 17. Bc4 c5+ 18. Kf2 Rd8 19. Qh5+ g6 20. Qxh4 Bxh1 21. Qf6
Kd7 22. Qf7+ Kc8 23. Qxe6+ Kc7 24. Kg1 Rd1+ 0-1

[Event "Challenge"]
[Site "http://www.queenalice.com/game.php?id=827972"]
[Date "2010.9.4"]
[Round "-"]
[White "amarkin"]
[Black "cesargarcia"]
[Result "1-0"]
[WhiteElo "2503"]
[BlackElo "2348"]

1. d4 Nf6 2. c4 e6 3. Nc3 Bb4 4. f3 d5 5. e3 Nc6 6. a3 Bxc3+ 7. bxc3 O-O 8. cxd5
Nxd5 9. c4 Nb6 10. Qc2 Qh4+ 11. g3 Qh5 12. Kf2 Bd7 13. Ne2 Qg6 14. Qxg6 fxg6 15.
Rb1 Nxc4 16. Rxb7 Rac8 17. Nc3 Nd6 18. Rb1 e5 19. Ba6 Rb8 20. Rxb8 Rxb8 21. Rd1
exd4 22. exd4 Ne7 23. Be2 Rb3 24. Rd3 Nc6 25. Bd1 Rb6 26. g4 Bc8 27. d5 Ne5 28.
Rd4 Bd7 29. Bc2 h6 30. h4 h5 31. Kg3 hxg4 32. fxg4 Rb8 33. Bd1 Nec4 34. a4 a5
35. Ne4 Rb1 36. Nxd6 Nxd6 37. Be3 Ra1 38. Kf3 Kh7 39. Ke2 Bc8 40. Kd2 Ra3 41.
Bc2 Ba6 42. Bf4 Rf3 43. h5 Rf2+ 44. Kc1 Rf1+ 45. Kb2 1-0

[Event "Challenge"]
[Site "http://www.queenalice.com/game.php?id=830838"]
[Date "2010.9.10"]
[Round "-"]
[White "cesargarcia"]
[Black "Bogs"]
[Result "1-0"]
[WhiteElo "2356"]
[BlackElo "1944"]

1. d4 d5 2. c4 e6 3. Nf3 Nf6 4. Nc3 Be7 5. cxd5 exd5 6. g3 O-O 7. Bg2 Bd6 8. Bg5
c6 9. O-O Re8 10. Re1 Bf5 11. Nh4 Be6 12. e4 dxe4 13. Nxe4 1-0

[Event "AUTO-ELITE-585"]
[Site "http://www.queenalice.com/game.php?id=845252"]
[Date "2010.10.13"]
[Round "2"]
[White "priit57"]
[Black "cesargarcia"]
[Result "1-0"]
[WhiteElo "2418"]
[BlackElo "2369"]

1. e4 c5 2. Nf3 Nc6 3. Bc4 Nf6 4. Nc3 e6 5. Bb5 Be7 6. e5 Nd5 7. O-O O-O 8. d4
cxd4 9. Nxd5 exd5 10. Nxd4 Qb6 11. Nxc6 bxc6 12. Bd3 Re8 13. Qf3 d6 14. Bf4 1-0

[Event "AUTO-ELITE-585"]
[Site "http://www.queenalice.com/game.php?id=845253"]
[Date "2010.10.13"]
[Round "2"]
[White "cesargarcia"]
[Black "priit57"]
[Result "0-1"]
[WhiteElo "2358"]
[BlackElo "2425"]

1. d4 d5 2. Nf3 Nf6 3. c4 e6 4. Nc3 g6 5. cxd5 exd5 6. Bg5 Bg7 7. e3 O-O 8. Bd3
h6 9. Bh4 Nc6 10. Qb3 Ne7 11. O-O c6 12. Bg3 Nh5 13. Be5 f6 0-1